[Event "Dubai op-B 23rd"]
[Site "Dubai"]
[Date "2023.06.02"]
[Round "7"]
[White "Ghaith, Saeed Alnuaimi"]
[Black "Abdulrahim, Salem"]
[Result "0-1"]
[WhiteElo "1592"]
[BlackElo "1759"]
[PlyCount "60"]
[EventDate "2023.05.27"]
[EventType "swiss"]
[EventRounds "9"]
[EventCountry "UAE"]
[SourceTitle "CBM 214 Extra"]
[Source "ChessBase"]
[SourceDate "2023.07.31"]
[SourceVersion "1"]
[SourceVersionDate "2023.07.31"]
[SourceQuality "1"]

1. Nf3 d5 2. b3 Nf6 3. Bb2 c5 4. e3 Nc6 5. Bb5 a6 6. Bxc6+ bxc6 7. d3 e6 8. Nbd2 Be7 9. Qe2 0-0 10. 0-0-0 a5 11. a4 Ba6 12. Ne5 Qc7 13. f4 Rab8 14. e4 Rb4 15. Bc3 Rb7 16. g4 dxe4 17. Nxe4 Nd5 18. Bd2 c4 19. dxc4 f6 20. Qe1 fxe5 21. Bxa5 Qb8 22. cxd5 Ba3+ 23. Kd2 cxd5 24. Ng5 Rxf4 25. Qh4 h6 26. Nxe6 Rf6 27. Nd8 Qa7 28. Rdf1 Qd4+ 29. Ke1 Qe3+ 30. Kd1 Qe2# 0-1

[Event "Dubai op-B 23rd"]
[Site "Dubai"]
[Date "2023.06.01"]
[Round "6"]
[White "Abdulrahim, Salem"]
[Black "Bennett, John"]
[Result "0-1"]
[WhiteElo "1759"]
[BlackElo "2000"]
[PlyCount "46"]
[EventDate "2023.05.27"]
[EventType "swiss"]
[EventRounds "9"]
[EventCountry "UAE"]
[SourceTitle "CBM 214 Extra"]
[Source "ChessBase"]
[SourceDate "2023.07.31"]
[SourceVersion "1"]
[SourceVersionDate "2023.07.31"]
[SourceQuality "1"]

1. e4 d6 2. d4 g6 3. Nf3 Bg7 4. Bc4 Nf6 5. Qe2 Nc6 6. e5 Nd7 7. Bxf7+ Kxf7 8. Ng5+ Ke8 9. Ne6 Nxd4 10. Nxg7+ Kf7 11. Qc4+ Kxg7 12. Qxd4 dxe5 13. Qh4 Nf6 14. Bh6+ Kf7 15. Nc3 Qd4 16. Qg3 Bf5 17. Rd1 Qc4 18. Qxe5 Rad8 19. b3 Qa6 20. Ne2 Rxd1+ 21. Kxd1 Qxa2 22. Qxc7 Rc8 23. Nc1 Qb1 0-1

[Event "Dubai op-B 23rd"]
[Site "Dubai"]
[Date "2023.05.31"]
[Round "5"]
[White "Mesfer, Al Mesafri"]
[Black "Abdulrahim, Salem"]
[Result "0-1"]
[WhiteElo "1202"]
[BlackElo "1759"]
[PlyCount "74"]
[EventDate "2023.05.27"]
[EventType "swiss"]
[EventRounds "9"]
[EventCountry "UAE"]
[SourceTitle "CBM 214 Extra"]
[Source "ChessBase"]
[SourceDate "2023.07.31"]
[SourceVersion "1"]
[SourceVersionDate "2023.07.31"]
[SourceQuality "1"]

1. d4 d5 2. c4 e6 3. Nc3 Nf6 4. Nf3 Be7 5. Bf4 0-0 6. e3 Nbd7 7. c5 c6 8. b4 b6 9. Bd3 Bb7 10. 0-0 Qc8 11. Qe2 a5 12. a3 Ba6 13. Rfc1 Bxd3 14. Qxd3 Qb7 15. h3 Ra7 16. Ne5 Rfa8 17. b5 Nxe5 18. Bxe5 bxc5 19. dxc5 Nd7 20. Bd6 Nxc5 21. Bxc5 Bxc5 22. Na4 Be7 23. Rxc6 Rb8 24. Rac1 Qxb5 25. Rc8+ Bf8 26. Rxf8+ Kxf8 27. Rc8+ Ke7 28. Qxb5 Rxb5 29. Nc3 Rb3 30. Ne2 Rxa3 31. Rc1 a4 32. Nd4 Rb7 33. g4 Ra2 34. Kg2 a3 35. Kg3 Rab2 36. Ra1 a2 37. f4 R7b6 0-1

[Event "UAE National Day 51st"]
[Site "Sharjah"]
[Date "2022.12.04"]
[Round "7"]
[White "Othman, A Moussa"]
[Black "Abdulrahim, Salem"]
[Result "1-0"]
[WhiteElo "2226"]
[BlackElo "1759"]
[PlyCount "31"]
[EventDate "2022.12.03"]
[EventType "swiss (rapid)"]
[EventRounds "10"]
[EventCountry "UAE"]
[SourceTitle "CBM 211 Extra"]
[Source "ChessBase"]
[SourceDate "2023.01.31"]
[SourceVersion "1"]
[SourceVersionDate "2023.01.31"]
[SourceQuality "1"]

1. d4 d5 2. g3 Nf6 3. Bg2 c6 4. Nf3 Bg4 5. Ne5 e6 6. Nxg4 Nxg4 7. e4 Nf6 8. e5 Nfd7 9. 0-0 Be7 10. f4 c5 11. c3 Nc6 12. f5 Bg5 13. fxe6 Bxc1 14. exd7+ Qxd7 15. Qxc1 cxd4 16. cxd4 1-0

[Event "UAE National Day 51st"]
[Site "Sharjah"]
[Date "2022.12.03"]
[Round "6"]
[White "Abdulrahim, Salem"]
[Black "Raji Sayel, Abu Azizah"]
[Result "1/2-1/2"]
[WhiteElo "1759"]
[BlackElo "1943"]
[PlyCount "110"]
[EventDate "2022.12.03"]
[EventType "swiss (rapid)"]
[EventRounds "10"]
[EventCountry "UAE"]
[SourceTitle "CBM 211 Extra"]
[Source "ChessBase"]
[SourceDate "2023.01.31"]
[SourceVersion "1"]
[SourceVersionDate "2023.01.31"]
[SourceQuality "1"]

1. e4 c5 2. Nf3 e6 3. d4 cxd4 4. Nxd4 Nf6 5. Nc3 Nc6 6. Nxc6 bxc6 7. e5 Nd5 8. Nxd5 cxd5 9. Bd3 d6 10. Bf4 Be7 11. Qg4 dxe5 12. Bxe5 Bf6 13. Bxf6 gxf6 14. Qg7 Ke7 15. 0-0 Bb7 16. Bxh7 Qd6 17. g3 Qe5 18. Bg6 Rhf8 19. h4 Rac8 20. Rae1 Qd4 21. Bf5 Kd6 22. c3 Qc5 23. Qxf6 d4 24. Bh3 Qd5 25. Qxd4 Qxd4 26. cxd4 Ba6 27. Rc1 Bxf1 28. Rxc8 Rxc8 29. Kxf1 Rc2 30. h5 Ke7 31. h6 Kf8 32. Bg2 Rxb2 33. d5 Rxa2 34. dxe6 fxe6 35. Be4 e5 36. g4 a5 37. g5 Ra4 38. f3 Rd4 39. g6 a4 40. Bc2 Rc4 41. Bf5 Rc6 42. Be4 Rc5 43. Bf5 Rc6 44. Bd7 Rxg6 45. Bxa4 Rxh6 46. Kf2 Kg7 47. Ke3 Kf6 48. Bc6 Rh4 49. Be4 Kg5 50. Bd5 Ra4 51. Be4 Ra3+ 52. Bd3 Rxd3+ 53. Kxd3 Kf4 54. Ke2 e4 55. fxe4 Kxe4 1/2-1/2

[Event "Sharjah Blitz op 27th"]
[Site "Sharjah"]
[Date "2022.04.08"]
[Round "8"]
[White "Abdulrahim, Salem"]
[Black "Al Blooshi, Hamad Essa"]
[Result "1-0"]
[WhiteElo "1670"]
[BlackElo "1265"]
[PlyCount "137"]
[EventDate "2022.04.08"]
[EventType "swiss (blitz)"]
[EventRounds "9"]
[EventCountry "UAE"]
[SourceTitle "CBM 207 Extra"]
[Source "ChessBase"]
[SourceDate "2022.05.31"]
[SourceVersion "1"]
[SourceVersionDate "2022.05.31"]
[SourceQuality "1"]

1. e4 e6 2. d4 d5 3. Bd3 Nf6 4. e5 Nfd7 5. f4 c5 6. Nf3 Nc6 7. c3 Be7 8. 0-0 0-0 9. Be3 f6 10. Nbd2 fxe5 11. fxe5 cxd4 12. cxd4 Qb6 13. Qc2 h6 14. Kh1 Ndxe5 15. Nxe5 Nxe5 16. Bh7+ Kh8 17. Bxh6 gxh6 18. dxe5 Bd7 19. Qg6 Qe3 20. Nf3 Bg5 21. Rae1 Qf4 22. g3 Qf5 23. Nxg5 Qxg6 24. Bxg6 hxg5 25. Rxf8+ Rxf8 26. Kg2 Bb5 27. Rc1 Bc6 28. b4 Kg7 29. Bd3 a6 30. h4 gxh4 31. gxh4 Kh6 32. Be2 Rg8+ 33. Kh3 Rg7 34. Rf1 Bb5 35. Bxb5 axb5 36. Rf6+ Rg6 37. Rf7 b6 38. Rb7 Rg1 39. Rxb6 Rh1+ 40. Kg4 Rg1+ 41. Kf3 Rf1+ 42. Kg2 Ra1 43. Rxe6+ Kh5 44. Rd6 Rxa2+ 45. Kg3 Ra3+ 46. Kf4 Kxh4 47. Rxd5 Rb3 48. Rxb5 Rb1 49. Kf5 Kh5 50. Kf6 Kh6 51. e6 Rf1+ 52. Ke7 Kg7 53. Rg5+ Kh6 54. Rg2 Rb1 55. Rg4 Kh5 56. Rc4 Kg6 57. Rd4 Kf5 58. Kd7 Ke5 59. Rh4 Kf6 60. Rf4+ Kg5 61. Rf8 Rd1+ 62. Kc6 Rc1+ 63. Kb6 Re1 64. Re8 Kf6 65. b5 Re2 66. Kb7 Rd2 67. b6 Rh2 68. Kb8 Rh7 69. b7 1-0

[Event "Sharjah Blitz op 27th"]
[Site "Sharjah"]
[Date "2022.04.08"]
[Round "4"]
[White "Abdulrahim, Salem"]
[Black "Jineesh, E."]
[Result "1-0"]
[WhiteElo "1670"]
[BlackElo "1252"]
[PlyCount "67"]
[EventDate "2022.04.08"]
[EventType "swiss (blitz)"]
[EventRounds "9"]
[EventCountry "UAE"]
[SourceTitle "CBM 207 Extra"]
[Source "ChessBase"]
[SourceDate "2022.05.31"]
[SourceVersion "1"]
[SourceVersionDate "2022.05.31"]
[SourceQuality "1"]

1. e4 c5 2. Nf3 d6 3. d4 cxd4 4. Nxd4 a6 5. Nc3 Nf6 6. Bc4 g6 7. Bb3 Bg7 8. Be3 b5 9. a3 Bb7 10. f3 0-0 11. Qd2 Nbd7 12. h4 Rc8 13. Bh6 Ne5 14. 0-0-0 Nc4 15. Bxc4 Rxc4 16. Qe3 Qd7 17. h5 e5 18. Nf5 gxf5 19. Qg5 Ne8 20. Bxg7 Nxg7 21. h6 f6 22. Qxg7+ Qxg7 23. hxg7 Kxg7 24. Rxd6 fxe4 25. Nxe4 Bxe4 26. fxe4 Rxe4 27. Rxa6 Rc8 28. Ra7+ Kg6 29. Raxh7 Re2 30. c3 Rd8 31. R7h6+ Kf5 32. Rf1+ Ke4 33. Rh4+ Ke3 34. Rf3# 1-0

[Event "Sharjah Blitz op 27th"]
[Site "Sharjah"]
[Date "2022.04.08"]
[Round "9"]
[White "Abdulrahim, Salem"]
[Black "Pradeepkumar, Mithran"]
[Result "1-0"]
[WhiteElo "1670"]
[BlackElo "1190"]
[PlyCount "107"]
[EventDate "2022.04.08"]
[EventType "swiss (blitz)"]
[EventRounds "9"]
[EventCountry "UAE"]
[SourceTitle "CBM 207 Extra"]
[Source "ChessBase"]
[SourceDate "2022.05.31"]
[SourceVersion "1"]
[SourceVersionDate "2022.05.31"]
[SourceQuality "1"]

1. e4 c6 2. Nf3 d5 3. exd5 cxd5 4. Ne5 Bd7 5. d4 Nc6 6. Nxd7 Qxd7 7. c3 a6 8. Bd3 e6 9. 0-0 Bd6 10. Nd2 Nf6 11. Nf3 h6 12. h3 Qc7 13. Re1 0-0 14. Be3 b5 15. Qd2 Ne4 16. Qc2 f5 17. Nd2 Rac8 18. Nxe4 fxe4 19. Be2 Rf6 20. Rac1 Nb4 21. Qb1 Nc6 22. Bg4 Rcf8 23. Qc2 Bf4 24. Bxf4 Qxf4 25. Rf1 Nd8 26. Rce1 Qg5 27. a4 h5 28. Bd1 Rg6 29. g3 h4 30. g4 bxa4 31. Qxa4 Qf4 32. Qxa6 Qd2 33. Qe2 Qf4 34. Ba4 Nf7 35. Qe3 Qf6 36. f4 exf3 37. Rxf3 Qe7 38. Bc2 Rh6 39. Bf5 Ng5 40. Rf2 Qd6 41. Qxg5 exf5 42. Qf4 Qb6 43. gxf5 Rhf6 44. Qxh4 Qd6 45. Qf4 Qd7 46. Qe5 Qf7 47. Ref1 Qh5 48. Qg3 Qh6 49. Kh2 Rb8 50. Qxb8+ Kh7 51. Qf4 Qh5 52. Qg4 Qh6 53. Rg2 Qe3 54. Qxg7# 1-0

[Event "Sharjah Blitz op 27th"]
[Site "Sharjah"]
[Date "2022.04.08"]
[Round "7"]
[White "Hilwani, Talal"]
[Black "Abdulrahim, Salem"]
[Result "1-0"]
[WhiteElo "2267"]
[BlackElo "1670"]
[PlyCount "73"]
[EventDate "2022.04.08"]
[EventType "swiss (blitz)"]
[EventRounds "9"]
[EventCountry "UAE"]
[SourceTitle "CBM 207 Extra"]
[Source "ChessBase"]
[SourceDate "2022.05.31"]
[SourceVersion "1"]
[SourceVersionDate "2022.05.31"]
[SourceQuality "1"]

1. Nf3 d5 2. c4 e6 3. g3 Nf6 4. Bg2 Be7 5. 0-0 0-0 6. b3 c6 7. Bb2 Nbd7 8. d3 Re8 9. Qc2 Nf8 10. Nc3 d4 11. Nb1 c5 12. b4 Rb8 13. bxc5 Bxc5 14. Nbd2 b6 15. Ne5 Qc7 16. Nc6 Bb7 17. Nxb8 Bxg2 18. Kxg2 Qxb8 19. Nb3 Qd6 20. Nxc5 bxc5 21. Rab1 h5 22. Bc1 e5 23. f3 N6d7 24. Rb5 f5 25. e4 fxe4 26. fxe4 Ne6 27. Rb7 a6 28. Qe2 g6 29. Qf2 Rf8 30. Qe1 Rxf1 31. Qxf1 Qc6 32. Rb2 Qa4 33. Qe2 Nf6 34. h3 Kg7 35. Rb6 Nc7 36. Bh6+ Kxh6 37. Rxf6 1-0

[Event "Biel Rapid op 55th"]
[Site "Biel"]
[Date "2022.??.??"]
[Round "3"]
[White "Abdulrahim, Salem"]
[Black "Herrera Reyes, Jose Antonio"]
[Result "0-1"]
[WhiteElo "1620"]
[BlackElo "2333"]
[PlyCount "72"]
[EventDate "2022.07.12"]
[EventType "swiss (rapid)"]
[EventRounds "9"]
[EventCountry "SUI"]
[SourceTitle "EXT 2024"]
[Source "ChessBase"]
[SourceDate "2023.10.10"]
[SourceVersion "1"]
[SourceVersionDate "2023.10.10"]
[SourceQuality "1"]

1. e4 c5 2. Nf3 e6 3. d4 cxd4 4. Nxd4 a6 5. Nc3 Qc7 6. Be2 b6 7. Be3 Bb7 8. f3 d6 9. Qd2 Nd7 10. 0-0 Ngf6 11. Kh1 h5 12. Rad1 Be7 13. a4 h4 14. Bd3 h3 15. g3 Rc8 16. Nde2 Qb8 17. Nf4 Ne5 18. Bxb6 g5 19. Nfe2 g4 20. fxg4 Nc4 21. Bxc4 Rxc4 22. Rxf6 Bxf6 23. Qf4 Be5 24. Qf3 Qa8 25. Bd4 Rf8 26. Qd3 Rc7 27. Kg1 Qc8 28. Bb6 Rc4 29. Nd4 Rb4 30. a5 Rxb2 31. Nce2 Rb4 32. Nf3 Bxe4 33. Qd2 Rxb6 34. Nxe5 Qc5+ 35. Kf1 f6 36. axb6 fxe5+ 0-1

[Event "Biel ATO 55th"]
[Site "Biel"]
[Date "2022.??.??"]
[Round "8"]
[White "Corbat, Philippe"]
[Black "Abdulrahim, Salem"]
[Result "0-1"]
[WhiteElo "1902"]
[BlackElo "1662"]
[PlyCount "60"]
[EventDate "2022.07.13"]
[EventType "swiss"]
[EventRounds "9"]
[EventCountry "SUI"]
[SourceTitle "EXT 2024"]
[Source "ChessBase"]
[SourceDate "2023.10.10"]
[SourceVersion "1"]
[SourceVersionDate "2023.10.10"]
[SourceQuality "1"]

1. e4 c5 2. a3 g6 3. h4 h5 4. Nc3 Bg7 5. Bc4 Nc6 6. d3 Nf6 7. Bf4 d6 8. Qd2 a6 9. Nf3 0-0 10. Bh6 Ng4 11. Bxg7 Kxg7 12. Ng5 Nge5 13. Ba2 f6 14. Ne6+ Bxe6 15. Bxe6 Nd4 16. 0-0-0 Nxe6 17. f4 Ng4 18. f5 gxf5 19. exf5 Nd4 20. Nd5 Rh8 21. Rhf1 b5 22. Rde1 Nc6 23. Nf4 Qd7 24. Qd1 Nce5 25. c3 c4 26. dxc4 bxc4 27. Nxh5+ Rxh5 28. Rxe5 Nxe5 29. Qxh5 Qe8 30. Qe2 Rb8 0-1

[Event "Biel Rapid op 55th"]
[Site "Biel"]
[Date "2022.??.??"]
[Round "4"]
[White "Mansoor, Abdulmajeed"]
[Black "Abdulrahim, Salem"]
[Result "0-1"]
[WhiteElo "1246"]
[BlackElo "1620"]
[PlyCount "92"]
[EventDate "2022.07.12"]
[EventType "swiss (rapid)"]
[EventRounds "9"]
[EventCountry "SUI"]
[SourceTitle "EXT 2024"]
[Source "ChessBase"]
[SourceDate "2023.10.10"]
[SourceVersion "1"]
[SourceVersionDate "2023.10.10"]
[SourceQuality "1"]

1. Nf3 c5 2. e4 e6 3. g3 Nc6 4. Bg2 Be7 5. d3 Nf6 6. 0-0 0-0 7. e5 Nd5 8. c3 f6 9. Re1 fxe5 10. Nxe5 Nxe5 11. Rxe5 Bf6 12. Re1 Rb8 13. Qb3 Ne7 14. Bf4 d6 15. a4 Kh8 16. Na3 Ng6 17. Be3 d5 18. c4 d4 19. Bd2 a6 20. Bf4 Nxf4 21. gxf4 Bh4 22. Re4 Qc7 23. f5 Bxf2+ 24. Kh1 exf5 25. Re2 Be3 26. Nc2 f4 27. Rf1 Bg4 28. Ref2 Bxf2 29. Rxf2 Rfe8 30. Be4 Bd1 31. Rd2 Bg4 32. Ne1 Bd7 33. Kg1 Bc6 34. Bxc6 Rxe1+ 35. Kf2 Qxc6 36. Kxe1 Qh1+ 37. Ke2 Qxh2+ 38. Kd1 Qg1+ 39. Kc2 f3 40. Qb6 f2 41. Qd6 Rg8 42. Rxf2 Qxf2+ 43. Kb3 Qd2 44. Qd5 Qb4+ 45. Ka2 Qxa4+ 46. Kb1 Re8 0-1

[Event "Sousse BICA op 1st"]
[Site "Sousse"]
[Date "2021.12.25"]
[Round "3"]
[White "Abdulrahim, Salem"]
[Black "Jaballah, Mohamed1111"]
[Result "1-0"]
[WhiteElo "1654"]
[BlackElo "1309"]
[PlyCount "125"]
[EventDate "2021.12.24"]
[EventType "swiss"]
[EventRounds "9"]
[EventCountry "TUN"]
[SourceTitle "CBM 205 Extra"]
[Source "ChessBase"]
[SourceDate "2022.01.31"]
[SourceVersion "1"]
[SourceVersionDate "2022.01.31"]
[SourceQuality "1"]

1. e4 c5 2. Nf3 d6 3. Bb5+ Nc6 4. 0-0 Bd7 5. c3 Nf6 6. Re1 e6 7. d4 Be7 8. Nbd2 a6 9. Bxc6 Bxc6 10. e5 Nd7 11. Ne4 dxe5 12. Qe2 exd4 13. cxd4 0-0 14. dxc5 Nxc5 15. Nxc5 Bxc5 16. Ne5 Bd5 17. Be3 Bd6 18. Bd4 Qh4 19. Qg4 Qxg4 20. Nxg4 Rac8 21. Rad1 Bb4 22. Re3 Rc7 23. Nf6+ Kh8 24. Rg3 Bd6 25. Rxg7 Kxg7 26. Nxd5+ e5 27. Nxc7 exd4 28. Nd5 Rc8 29. g3 Bc5 30. Nf4 Re8 31. Kf1 Kf6 32. Nd3 Bb6 33. Nb4 Re5 34. Nc2 Rd5 35. Ne3 Rd8 36. Nc4 Ba7 37. Ke2 b5 38. Na5 Rd6 39. Kd3 Bb6 40. Nb3 a5 41. Re1 a4 42. Nd2 Kg6 43. Re5 Bd8 44. Rxb5 f5 45. Rb4 Rb6 46. Rxb6+ Bxb6 47. Nf3 f4 48. Nxd4 fxg3 49. hxg3 Kg5 50. f3 h5 51. Ke4 Bc7 52. Ne6+ Kf6 53. Nxc7 Kg6 54. f4 Kf6 55. Nd5+ Kg6 56. Ke5 Kf7 57. f5 Kg7 58. Ke6 Kf8 59. f6 Ke8 60. f7+ Kf8 61. Kf6 a3 62. Nf4 axb2 63. Ne6# 1-0

[Event "Biel ATO op 54th"]
[Site "Biel"]
[Date "2021.08.03"]
[Round "8"]
[White "Bruessow, Jakob"]
[Black "Abdulrahim, Salem"]
[Result "0-1"]
[WhiteElo "1819"]
[BlackElo "1560"]
[PlyCount "142"]
[EventDate "2021.07.26"]
[EventType "swiss"]
[EventRounds "9"]
[EventCountry "SUI"]
[SourceTitle "EXT 2022"]
[Source "ChessBase"]
[SourceDate "2021.10.06"]
[SourceVersion "1"]
[SourceVersionDate "2021.10.06"]
[SourceQuality "1"]

1. e4 e5 2. Nf3 Nc6 3. d4 exd4 4. Nxd4 Bb4+ 5. c3 Bc5 6. Be3 Bb6 7. Bc4 Nf6 8. Nd2 Nxd4 9. Bxd4 Bxd4 10. cxd4 d5 11. exd5 Nxd5 12. 0-0 0-0 13. Nb3 c6 14. Qf3 Nf6 15. h3 Qd6 16. Rfe1 Bd7 17. Rad1 Rae8 18. Rxe8 Rxe8 19. Nc5 b6 20. Nxd7 Qxd7 21. Bd3 Qd5 22. Qxd5 Nxd5 23. Kf1 Kf8 24. a3 Nf4 25. Bb1 Rd8 26. Be4 c5 27. d5 Ke7 28. g3 Nh5 29. Ke2 Nf6 30. f3 Kd6 31. Ke3 Re8 32. Kd3 Re5 33. b3 h6 34. Rd2 Nxe4 35. fxe4 f5 36. exf5 Rxd5+ 37. Ke3 Rxd2 38. Kxd2 Ke5 39. Kd3 Kxf5 40. Kc4 Ke4 41. a4 h5 42. Kb5 Kd4 43. Ka6 Kc3 44. Kxa7 Kxb3 45. Kxb6 c4 46. a5 c3 47. a6 c2 48. a7 c1Q 49. a8Q Qg1+ 50. Kb5 Qf1+ 51. Kb6 Qf2+ 52. Kb5 Qe2+ 53. Kc5 Qe3+ 54. Kb5 Qe5+ 55. Kb6 Qd6+ 56. Qc6 Qxc6+ 57. Kxc6 Kc4 58. g4 hxg4 59. hxg4 Kd4 60. g5 Ke5 61. g6 Kf5 62. Kd5 Kxg6 63. Ke4 Kg5 64. Kf3 Kh5 65. Kg3 Kg5 66. Kf3 Kh4 67. Kf2 g5 68. Kf1 Kh3 69. Kg1 g4 70. Kh1 g3 71. Kg1 g2 0-1

[Event "Biel ATO op 54th"]
[Site "Biel"]
[Date "2021.07.26"]
[Round "1"]
[White "Abdulrahim, Salem"]
[Black "Hecht, Jonas Christian"]
[Result "1-0"]
[WhiteElo "1560"]
[BlackElo "1948"]
[PlyCount "36"]
[EventDate "2021.07.26"]
[EventType "swiss"]
[EventRounds "9"]
[EventCountry "SUI"]
[SourceTitle "EXT 2022"]
[Source "ChessBase"]
[SourceDate "2021.10.06"]
[SourceVersion "1"]
[SourceVersionDate "2021.10.06"]
[SourceQuality "1"]

1. e4 c5 2. Nf3 Nc6 3. d4 cxd4 4. Nxd4 Nf6 5. Nc3 e5 6. Ndb5 d6 7. Bg5 a6 8. Na3 b5 9. Bxf6 Qxf6 10. Nd5 Qd8 11. c3 g6 12. Nc2 Rb8 13. Nce3 Bg7 14. Bd3 0-0 15. 0-0 f5 16. exf5 Bxf5 17. Bxf5 gxf5 18. Qh5 f4 1-0

[Event "Sharjah Blitz op"]
[Site "Sharjah"]
[Date "2021.05.01"]
[Round "1.12"]
[White "Abdulrahim, Salem"]
[Black "Sayed, Hany"]
[Result "0-1"]
[WhiteElo "1560"]
[BlackElo "2106"]
[PlyCount "70"]
[EventDate "2021.05.01"]
[EventType "swiss (blitz)"]
[EventRounds "9"]
[EventCountry "UAE"]
[SourceTitle "CBM 202 Extra"]
[Source "ChessBase"]
[SourceDate "2021.07.31"]
[SourceVersion "1"]
[SourceVersionDate "2021.07.31"]
[SourceQuality "1"]

1. e4 c5 2. Nf3 d6 3. d4 cxd4 4. Nxd4 Nf6 5. Nc3 a6 6. Bc4 e6 7. 0-0 Be7 8. Be3 0-0 9. Qd2 b5 10. Bd3 Bb7 11. f3 Nbd7 12. a4 b4 13. Nce2 Rb8 14. Ng3 Ne5 15. Rfd1 d5 16. Nb3 dxe4 17. Nxe4 Nxd3 18. cxd3 Nd5 19. Bf2 Rc8 20. Rac1 Bc6 21. Nbc5 Qa5 22. b3 f5 23. Nxe6 fxe4 24. Nxf8 Bxf8 25. dxe4 Nc3 26. Re1 Rd8 27. Qc2 Bc5 28. Bxc5 Qxc5+ 29. Kh1 h6 30. Rcd1 Re8 31. Rd3 Qe5 32. Rc1 Qg5 33. Re1 a5 34. Rd6 Ba8 35. Ra6 Qc5 0-1

[Event "Sharjah Blitz op"]
[Site "Sharjah"]
[Date "2021.05.01"]
[Round "8.12"]
[White "Bablok, Maciej"]
[Black "Abdulrahim, Salem"]
[Result "1-0"]
[WhiteElo "2058"]
[BlackElo "1560"]
[PlyCount "69"]
[EventDate "2021.05.01"]
[EventType "swiss (blitz)"]
[EventRounds "9"]
[EventCountry "UAE"]
[SourceTitle "CBM 202 Extra"]
[Source "ChessBase"]
[SourceDate "2021.07.31"]
[SourceVersion "1"]
[SourceVersionDate "2021.07.31"]
[SourceQuality "1"]

1. d4 d5 2. c4 e6 3. Nc3 Be7 4. cxd5 exd5 5. Nf3 c6 6. Bf4 Nf6 7. e3 0-0 8. Qc2 Be6 9. Bd3 Nbd7 10. 0-0 Re8 11. Rab1 Nf8 12. b4 a6 13. a4 Ng6 14. Bg3 Nh5 15. b5 axb5 16. axb5 Nxg3 17. hxg3 Qd6 18. bxc6 bxc6 19. Rfc1 Reb8 20. Rxb8+ Rxb8 21. Na4 Bd7 22. Nc5 Rb6 23. Nxd7 Qxd7 24. Bxg6 hxg6 25. Ne5 Qc7 26. Qc3 c5 27. dxc5 Rb5 28. c6 Rc5 29. Qxc5 Bxc5 30. Rxc5 Kf8 31. Rxd5 Ke8 32. f4 f6 33. Rd7 Qb6 34. c7 Qxe3+ 35. Kh2 1-0

[Event "Sharjah Rapid op"]
[Site "Sharjah"]
[Date "2021.04.30"]
[Round "9.8"]
[White "Khader, Sami"]
[Black "Abdulrahim, Salem"]
[Result "1-0"]
[WhiteElo "2382"]
[BlackElo "1560"]
[PlyCount "85"]
[EventDate "2021.04.29"]
[EventType "swiss (rapid)"]
[EventRounds "9"]
[EventCountry "UAE"]
[SourceTitle "CBM 202 Extra"]
[Source "ChessBase"]
[SourceDate "2021.07.31"]
[SourceVersion "1"]
[SourceVersionDate "2021.07.31"]
[SourceQuality "1"]

1. d4 d5 2. c4 e6 3. Nf3 Be7 4. g3 Nf6 5. Bg2 0-0 6. 0-0 c6 7. Nc3 Nbd7 8. Nd2 b6 9. e4 dxe4 10. Ndxe4 Bb7 11. Be3 Nxe4 12. Nxe4 Nf6 13. Nc3 Qd7 14. Qe2 c5 15. d5 exd5 16. cxd5 Rad8 17. Rad1 Bd6 18. Bg5 Qf5 19. Qd2 h6 20. Bxf6 Qxf6 21. Ne4 Qe7 22. Rfe1 Qc7 23. Nxd6 Qxd6 24. Qd3 Rfe8 25. Rxe8+ Rxe8 26. Bf3 Re5 27. Kg2 Re8 28. Qc4 Rd8 29. Qe4 Qd7 30. Qf4 Qe7 31. h4 Rd6 32. Rd2 Qd8 33. Qe4 Qd7 34. h5 Qd8 35. Qf5 Bc8 36. Qe5 Qd7 37. Bg4 Qxg4 38. Qxd6 Qh3+ 39. Kg1 Bg4 40. Qf4 Qxh5 41. d6 Bf3 42. Qxf3 Qxf3 43. d7 1-0

[Event "UAE-ch President Cup"]
[Site "Abu Dhabi"]
[Date "2019.12.20"]
[Round "6"]
[White "Abdulrahim, Salem"]
[Black "Jumma, Al Mmouhairi"]
[Result "1/2-1/2"]
[WhiteElo "1555"]
[BlackElo "1759"]
[PlyCount "82"]
[EventDate "2019.12.15"]
[EventType "swiss"]
[EventRounds "9"]
[EventCountry "UAE"]
[SourceTitle "CBM 193 Extra"]
[Source "ChessBase"]
[SourceDate "2020.01.31"]
[SourceVersion "1"]
[SourceVersionDate "2020.01.31"]
[SourceQuality "1"]

1. e4 g6 2. d4 Bg7 3. Nc3 d6 4. Be3 Nf6 5. h3 c6 6. Qd2 b5 7. a3 a5 8. d5 Ba6 9. dxc6 Nxc6 10. Bxb5 Bxb5 11. Nxb5 Rb8 12. a4 0-0 13. Ne2 d5 14. exd5 Nxd5 15. Rb1 Nxe3 16. Qxe3 Nb4 17. 0-0 Nxc2 18. Qe4 Nb4 19. Rfd1 Qb6 20. Nec3 Rfe8 21. Rd7 Bf6 22. Nc7 Red8 23. N7d5 Nxd5 24. Nxd5 Qc5 25. Nxf6+ exf6 26. Rxd8+ Rxd8 27. b4 axb4 28. Qxb4 Rd1+ 29. Kh2 Qxb4 30. Rxb4 Ra1 31. Kg3 Ra3+ 32. f3 Ra2 33. Rb8+ Kg7 34. Ra8 g5 35. a5 f5 36. a6 h5 37. h4 gxh4+ 38. Kxh4 Rxg2 39. Kxh5 Kf6 40. Kh4 Ra2 41. Kg3 Ra4 1/2-1/2

[Event "UAE-ch"]
[Site "Sharjah"]
[Date "2019.08.23"]
[Round "8"]
[White "Al Huwar, Jasem"]
[Black "Abdulrahim, Salem"]
[Result "1-0"]
[WhiteElo "2285"]
[BlackElo "1637"]
[PlyCount "85"]
[EventDate "2019.08.16"]
[EventType "swiss"]
[EventRounds "9"]
[EventCountry "UAE"]
[SourceTitle "EXT 2020"]
[Source "ChessBase"]
[SourceDate "2019.10.17"]
[SourceVersion "1"]
[SourceVersionDate "2019.10.17"]
[SourceQuality "1"]

1. Nf3 d5 2. g3 c6 3. Bg2 Bg4 4. h3 Bh5 5. c4 e6 6. 0-0 Bd6 7. d3 Nd7 8. e4 Ne7 9. Re1 0-0 10. Qc2 Rc8 11. a3 Bxf3 12. Bxf3 Qb6 13. b4 Bxg3 14. c5 Qc7 15. fxg3 Qxg3+ 16. Bg2 Qxe1+ 17. Kh2 Qh4 18. Bb2 Nf6 19. Qe2 Ng6 20. Nd2 Nf4 21. Qf3 Nxg2 22. Qxg2 dxe4 23. Nxe4 Nh5 24. Rg1 g6 25. Bc1 Nf4 26. Qf3 Qxh3+ 27. Qxh3 Nxh3 28. Kxh3 b6 29. Nf6+ Kg7 30. Bb2 Rfd8 31. Rg3 bxc5 32. Kg2 c4 33. Nxh7+ Kg8 34. Nf6+ Kf8 35. Rh3 cxd3 36. Ne4 f5 37. Rh8+ Kf7 38. Rh7+ Ke8 39. Nd2 c5 40. b5 Rb8 41. Bf6 Rdc8 42. Nc4 Rd8 43. Ne5 1-0

[Event "UAE-ch"]
[Site "Sharjah"]
[Date "2019.08.22"]
[Round "7"]
[White "Abdulrahim, Salem"]
[Black "Hamad, Essam"]
[Result "1/2-1/2"]
[WhiteElo "1637"]
[BlackElo "1906"]
[PlyCount "46"]
[EventDate "2019.08.16"]
[EventType "swiss"]
[EventRounds "9"]
[EventCountry "UAE"]
[SourceTitle "EXT 2020"]
[Source "ChessBase"]
[SourceDate "2019.10.17"]
[SourceVersion "1"]
[SourceVersionDate "2019.10.17"]
[SourceQuality "1"]

1. e4 c5 2. Nf3 d6 3. d4 cxd4 4. Nxd4 Nf6 5. Nc3 g6 6. Bd3 Bg7 7. 0-0 0-0 8. Re1 Ng4 9. Be2 Nf6 10. Be3 Nbd7 11. h3 a6 12. Qd2 Nc5 13. Bf3 e5 14. Nb3 Nxb3 15. axb3 Qe7 16. Rad1 Rd8 17. Bb6 Rd7 18. Na4 Rb8 19. Ba7 Ra8 20. Bb6 Rb8 21. Ba7 Ra8 22. Bb6 Rb8 23. Ba7 Ra8 1/2-1/2